Statistics for County Towns of Ireland

Click here to take the quiz!

General Stats

  • This quiz has been taken 44 times
  • The average score is 20 of 31

Answer Stats

CountyTown/City% Correct
CorkCork
100%
GalwayGalway
94%
LimerickLimerick
94%
CarlowCarlow
86%
KilkennyKilkenny
86%
SligoSligo
83%
CavanCavan
81%
WexfordWexford
81%
ClareEnnis
78%
WicklowWicklow
78%
ArmaghArmagh
75%
LouthDundalk
67%
LongfordLongford
67%
KerryTralee
67%
AntrimAntrim
64%
FermanaghEnniskillen
64%
RoscommonRoscommon
61%
MonaghanMonaghan
58%
TyroneOmagh
58%
KildareNaas
56%
LaoisPortlaoise
56%
MayoCastlebar
53%
OffalyTullamore
50%
LeitrimCarrick-on-Shannon
47%
DownDownpatrick
47%
WestmeathMullingar
47%
WaterfordDungarvan
44%
MeathNavan
44%
DonegalLifford
42%
DerryColeraine
31%
TipperaryNenagh
31%

Score Distribution

Percentile by Number Answered

Percent of People with Each Score

Your Score History

You have not taken this quiz